| 000 | 00587nam a2200181 4500 | ||
|---|---|---|---|
| 008 | 021126s2000 enk 1 eng | ||
| 020 | _a0521585600 | ||
| 090 | 0 |
_aBX4827.B3 _bC14w |
|
| 245 | 1 | 0 |
_aThe Cambridge companion to Karl Barth / _cedited by John Webster. |
| 260 |
_aCambridge : _bCambridge University Press, _cc2000. |
||
| 300 | _axiii, 312 p. | ||
| 490 | 1 | _aThe Cambridge companion to series | |
| 504 | _aIncludes index | ||
| 600 | 1 | 4 | _aBarth, Karl, 1886-1968. |
| 700 | 1 | _aWebster, John | |
| 951 |
_p25424 _oBX4827.B3/C14w _j070613111201375 _d2000-12-21 _cGC |
||
| 999 |
_c13686 _d13686 |
||